Clinical ophthalmology : (رقم التسجيلة. 24180)

تفاصيل مارك
000 -الفاتح
حقل البيانات ثابتة الطول 01114cam a22003498a 4500
001 - رقم الضبط
رقم الضبط 665137655
003 - محدد رقم الضبط
رقم الضبط OCoLC
005 - وقت وتاريخ اخر تعامل مع التسجيلة
رقم الضبط 20150408114045.0
008 - عناصر البيانات ثابتة الطول - معلومات عامة
حقل البيانات ثابتة الطول 120623s2011 stka | 001 0 eng
015 ## - رقم الببليوجرافية الوطنية
رقم الببليوجرافية الوطنية GBB0B3937
المصدر bnb
020 ## - الرقم الدولى المعيارى للكتب
الرقم الدولى المعيارى للكتاب 9780702040931 (hbk.)
020 ## - الرقم الدولى المعيارى للكتب
الرقم الدولى المعيارى للكتاب 0702040932 (hbk.)
035 ## - رقم ضبط النظام
رقم ضبط النظام (OCoLC)665137655
040 ## - مصدر الفهرسة
وكالة الفهرسة الأصلية UKM
وكالة النسخ MU
وكالة التعديل YDXCP
-- UV0
-- UAT
050 10 - رقم طلب مكتبة الكونجرس
رقم التصنيف
رقم المادة
060 10 - رقم الطلب بالمكتبة الطبية الوطنية
رقم التصنيف
رقم المادة
082 04 - رقم تصنيف ديوى العشرى
رقم التصنيف 617.7
رقم الطبعة 22
رقم المادة K J C
096 ## - رقم استدعاء المكتبة الطبية الوطنية المحلى
رقم التصنيف
رقم المادة
100 1# - المدخل الرئيسى - إسم شخصى
الإسم الشخصى Kanski, Jack J.
9 (RLIN) 15927
245 10 - بيان العنوان
العنوان Clinical ophthalmology :
بقية العنوان a systematic approach/
بيان المسئوليه,etc Jack J. Kanski, Brad Bowling ; with contributions from Ken Nischal, Andrew Pearson.
250 ## - بيان الطبعة
بيان الطبعة 7th ed.
260 ## - PUBLICATION, DISTRIBUTION, ETC. (IMPRINT)
مكان الناشر او الموزع Edinburgh ;
-- New York :
اسم الناشر او الموزع Elsevier/Saunders,
تاريخ النشر أو التوزيع 2011.
300 ## - الوصف المادى
التعداد ix, 909 p. :
تفاصيل ماديه اخرى للوعاء col. ill. ;
أبعاد الوعاء 28 cm.
500 ## - تبصرة عامة
تبصرة عامة Previous ed.: Oxford : Butterworth-Heinemann, 2007.
500 ## - تبصرة عامة
تبصرة عامة Includes index.
650 #0 - المدخل الاضافى بالموضوع-مصطلح موضوعى
مصطلح موضوعي أو اسم جغرافي كعنصر مدخل Ophthalmology.
9 (RLIN) 15928
650 12 - المدخل الاضافى بالموضوع-مصطلح موضوعى
مصطلح موضوعي أو اسم جغرافي كعنصر مدخل Eye Diseases.
9 (RLIN) 15930
700 1# - المدخل الاضافى - اسم شخصى
الإسم الشخصى Bowling, Brad
الشكل الأكمل للاسم (Bradley)
9 (RLIN) 15950
700 1# - المدخل الاضافى - اسم شخصى
الإسم الشخصى Nischal, Ken K.
9 (RLIN) 15951
700 1# - المدخل الاضافى - اسم شخصى
الإسم الشخصى Pearson, Andrew,
التواريخ المصاحبة للاسم 1961-
9 (RLIN) 15952
942 ## - عناصر المدخل الإضافي( كوها)
مصدر التصنيف او مخطط الترفيف Dewey Decimal Classification
Koha [default] item type DVD
المقتنيات
حالة الفقد نموذج السعر الفعال حالة تلف ليس للاعارة رقم الطلب رقم النسخة تاريخ الاكتساب الموقع الحالي الباركود الفرع الرئيسي Total Renewals Date last checked out Date last seen نوع المادة فى نظام كوها مصدر التصنيف او خطة الترفيف Total Checkouts
  2013-03-10     617.7 K J C C. 1 2012-06-23 المكتبة المركزية بالمجمعة (CL) 00109973 المكتبة المركزية بالمجمعة (CL) 1 2016-09-28 2017-03-15 كتاب Dewey Decimal Classification 1
  2013-03-10     617.7 K J C C. 2 2012-06-23 المكتبة المركزية بالمجمعة (CL) 00109974 المكتبة المركزية بالمجمعة (CL) 1 2017-09-17 2017-10-16 كتاب Dewey Decimal Classification 4
  2013-03-10     617.7 K J C C. 3 2012-06-23 المكتبة المركزية بالمجمعة (CL) 00109975 المكتبة المركزية بالمجمعة (CL)     2013-03-10 كتاب Dewey Decimal Classification  
  2013-11-02     617.7 K J C   2013-11-02 مكتبة كلية العلوم الطبية التطبيقية بالمجمعة - طالبات (AMF) 00404010 مكتبة كلية العلوم الطبية التطبيقية بالمجمعة - طالبات (AMF)     2013-11-02 كتاب Dewey Decimal Classification  
  2013-11-02     617.7 K J C   2013-11-02 مكتبة كلية العلوم الطبية التطبيقية بالمجمعة - طالبات (AMF) 00404011 مكتبة كلية العلوم الطبية التطبيقية بالمجمعة - طالبات (AMF)     2013-11-02 كتاب Dewey Decimal Classification  
  2013-11-02     617.7 K J C   2013-11-02 مكتبة مجمع الكليات بالزلفى - طلاب (SZM) 00404012 مكتبة مجمع الكليات بالزلفى - طلاب (SZM)     2013-11-02 كتاب Dewey Decimal Classification  
  2013-11-02     617.7 K J C   2013-11-02 مكتبة مجمع الكليات بالزلفى - طلاب (SZM) 00404013 مكتبة مجمع الكليات بالزلفى - طلاب (SZM)     2013-11-02 كتاب Dewey Decimal Classification  
  2013-11-02     617.7 K J C   2013-11-02 مكتبة مجمع الكليات بالزلفى - طلاب (SZM) 00404014 مكتبة مجمع الكليات بالزلفى - طلاب (SZM)     2013-11-02 كتاب Dewey Decimal Classification